Gaming Quiz

Random Gaming or Nintendo Quiz

Dot Matrix Pinball Machines Quiz Stats

 Plays Quiz not verified by Sporcle

Challenge
Share
Tweet
Embed
Score 0/127 Timer 20:00
0 Plays Today
Manufacturer % Correct
WilliamsMedieval Madness
81.3%
BallyThe Addams Family
78.7%
BallyTwilight Zone
78.3%
Data EastBatman
77.9%
SternBatman
77.4%
WilliamsIndiana Jones: The Pinball Adventure
76.2%
SternSpider-Man
76.2%
WilliamsTerminator 2: Judgment Day
74.5%
Data EastStar Wars
74.5%
CapcomScared Stiff
74%
WilliamsWhite Water
72.8%
SternIndiana Jones
71.9%
BallyTheatre of Magic
70.2%
SternThe Lord of the Rings
68.5%
BallyAttack From Mars
66.8%
Data EastStar Trek
66.8%
SternNBA
66.8%
WilliamsBram Stoker's Dracula
66.4%
BallyCreature From the Black Lagoon
66%
BallyCirqus Voltaire
66%
BallyWorld Cup Soccer '94
65.1%
WilliamsMonster Bash
64.7%
SternFamily Guy
64.3%
WilliamsThe Getaway: High Speed 2
63.8%
SternThe Simpsons Pinball Party
63.8%
SternTerminator 3: Rise of the Machines
63.8%
WilliamsTales of the Arabian Nights
63%
WilliamsStar Trek: The Next Generation
61.7%
WilliamsNo Good Gofers
61.7%
Data EastJurassic Park
61.7%
SternMonopoly
61.3%
BallyCactus Canyon
59.6%
WilliamsDemolition Man
58.3%
BallyDoctor Who
57%
WilliamsFish Tales
57%
WilliamsStar Wars: Episode I
56.6%
SternRoller Coaster Tycoon
56.6%
WilliamsRed & Ted's Road Show
56.2%
WilliamsNo Fear: Dangerous Sports
56.2%
SternNASCAR
56.2%
Data EastGuns 'n Roses
55.7%
SternPirates of the Caribbean
55.7%
BallyJudge Dredd
55.3%
Manufacturer % Correct
SegaMary Shelley's Frankenstein
55.3%
Data EastTales From the Crypt
54.5%
SegaSouth Park
54%
BallyRevenge From Mars
53.6%
SternShrek
53.6%
SternCSI: Crime Scene Investigation
53.6%
PMI/IPB/CapcomBig Bang Bar
53.6%
SternWorld Poker Tour
53.2%
SternElvis
52.8%
BallyThe Shadow
52.3%
WilliamsDirty Harry
52.3%
SternRipley's Believe It or Not
52.3%
BallyCorvette
51.5%
SternWheel of Fortune
51.1%
Stern24
51.1%
Data EastTommy
50.6%
WilliamsThe Flintstones
50.2%
Sega/SternHarley-Davidson
50.2%
BallyNBA Fastbreak
49.8%
SegaBaywatch
49.8%
BallyIndianapolis 500
49.4%
BallyGilligan's Island
48.5%
BallyPopeye Saves the Earth
48.5%
Data EastHook
46.8%
BallySafe Cracker
45.5%
SegaBatman Forever
45.5%
SternThe Sopranos
45.1%
GottliebCue Ball Wizard
44.7%
SegaGodzilla
44.3%
WilliamsJack*Bot
43.8%
BallyThe Champion Pub
43.4%
WilliamsJohnny Mnemonic
42.6%
SegaApollo 13
42.6%
GottliebSuper Mario Bros. Mushroom World
42.6%
Data EastLast Action Hero
41.7%
SegaThe X-Files
41.3%
GottliebFreddy: A Nightmare on Elm Street
41.3%
Data EastCheckpoint
40.9%
SegaStarship Troopers
40.9%
SegaThe Lost World: Jurassic Park
40.9%
SegaTwister
40.4%
SternAustin Powers
40.4%
SegaStar Wars Trilogy
39.6%
Manufacturer % Correct
SternSharkey's Shootout
39.6%
SternHigh Roller Casino
39.6%
BallyBlack Rose
38.7%
WilliamsJunk Yard
38.7%
Data EastLethal Weapon 3
38.7%
SternNFL
38.7%
GottliebTee'd Off
38.7%
CapcomPinball Magic
38.3%
Data EastTeenage Mutant Ninja Turtles
37.9%
GottliebStargate
37.9%
SegaSpace Jam
37.4%
GottliebFrank Thomas' Big Hurt
37%
SegaGoldenEye
36.6%
SternDale Jr.
36.2%
GottliebStreet Fighter II
36.2%
GottliebBarb Wire
36.2%
CapcomBreakshot
36.2%
GottliebWaterworld
35.7%
BallyWho Dunnit
34.9%
SegaLost in Space
34.9%
GottliebMario Andretti
34%
WilliamsCongo
33.6%
GottliebShaq Attaq
33.2%
SternStriker Xtreme
32.8%
WilliamsHurricane
31.9%
SegaViper Night Drivin'
31.5%
Alvin GAl's Garage Band Goes on a World Tour
31.5%
Data EastWWF Royal Rumble
30.6%
CapcomAirborne
29.8%
Data East/SegaMaverick
29.4%
CapcomFlipper Football
28.1%
SegaGolden Cue
27.7%
GottliebRescue 911
27.7%
GottliebWorld Challenge Soccer
26.8%
Alvin GPistol Poker
25.5%
SegaIndependence Day
25.1%
Data EastRocky & Bullwinkle
23.4%
Alvin GMystery Castle
20.4%
GottliebWipe Out
17.9%
GottliebStrikes 'n Spares
17.9%
GottliebGladiators
14.5%

You're not logged in!

Compare scores with friends on all Sporcle quizzes.
Join for Free
OR
Log In

You Might Also Like...

Show Comments

Extras

Top Quizzes Today


Score Distribution

Your Account Isn't Verified!

In order to create a playlist on Sporcle, you need to verify the email address you used during registration. Go to your Sporcle Settings to finish the process.

Report this User

Report this user for behavior that violates our Community Guidelines.

Details: